000 00224nam a2200097Ia 4500
001 795285
005 20250826170725.0
008 250824s9999 xx 000 0 und d
245 0 _aTABU
_cCASEY HILL
260 _bPANAMA YAYINLARI
999 _c795285
_d795285